[Event "BCF-chT3 0607 (4NCL)"]
[Site "Sunningdale"]
[Date "2006.11.11"]
[Round "3.4"]
[White "Burton, Graham P"]
[Black "Buxton, David E"]
[Result "1-0"]
[WhiteElo "2115"]
[BlackElo "2145"]
[PlyCount "85"]
[EventDate "2006.09.16"]
[EventType "team-tourn"]
[EventRounds "11"]
[EventCountry "ENG"]
[SourceTitle "EXT 2008"]
[Source "ChessBase"]
[SourceDate "2007.11.25"]
[SourceVersion "1"]
[SourceVersionDate "2007.11.25"]
[SourceQuality "1"]
[WhiteTeam "SW Dragons II"]
[BlackTeam "Cheddleton"]
[WhiteTeamCountry "ENG"]
[BlackTeamCountry "ENG"]

1. e4 e6 2. d4 d5 3. e5 c5 4. c3 Nc6 5. Nf3 Qb6 6. Be2 Bd7 7. 0-0 cxd4 8. cxd4 Nge7 9. Nc3 Nf5 10. Na4 Qd8 11. Bg5 Be7 12. Bxe7 Qxe7 13. Rc1 Qb4 14. a3 Qe7 15. Nc5 0-0 16. b4 Rab8 17. Bb5 Nxe5 18. Nxd7 Nxd7 19. Rc7 Rfd8 20. Ne5 a6 21. Rxd7 Rxd7 22. Nxd7 Rd8 23. Ba4 b5 24. Ne5 Rc8 25. Bc2 Nd6 26. Nd3 Rc4 27. Nc5 Qh4 28. g3 Qxd4 29. Qxd4 Rxd4 30. Nxa6 Rd2 31. Rc1 g6 32. Nc5 d4 33. a4 d3 34. Bxd3 bxa4 35. Ra1 e5 36. Rxa4 f5 37. Ra6 Ne8 38. Re6 Kf7 39. Rxe5 Nf6 40. Bc4+ Kg7 41. Bf1 f4 42. gxf4 Ng4 43. Re2 1-0

[Event "BCF-chT4 0506 (4NCL)"]
[Site "West Bromwich"]
[Date "2006.03.19"]
[Round "8.5"]
[White "Buxton, David E"]
[Black "Stevenson, James"]
[Result "1/2-1/2"]
[WhiteElo "2110"]
[BlackElo "2195"]
[PlyCount "33"]
[EventDate "2005.11.05"]
[EventType "team-tourn"]
[EventRounds "11"]
[EventCountry "ENG"]
[SourceTitle "CBM 109 Extra"]
[Source "ChessBase"]
[SourceDate "2006.01.03"]
[SourceVersion "2"]
[SourceVersionDate "2006.01.03"]
[SourceQuality "1"]
[WhiteTeam "Cheddleton"]
[BlackTeam "Athenaeum"]
[WhiteTeamCountry "ENG"]
[BlackTeamCountry "ENG"]

1. d4 d5 2. c4 c6 3. Nc3 e6 4. e3 Nf6 5. Bd3 Nbd7 6. Nf3 dxc4 7. Bxc4 b5 8. Bd3 a6 9. 0-0 c5 10. e4 cxd4 11. Nxd4 Bb7 12. Re1 Ne5 13. Bc2 Bc5 14. Be3 Qe7 15. Nb3 Bxe3 16. Rxe3 Nc4 17. Rg3 1/2-1/2

[Event "BCF-chT4 0506 (4NCL)"]
[Site "West Bromwich"]
[Date "2006.02.11"]
[Round "5.6"]
[White "Feavyour, John"]
[Black "Buxton, David E"]
[Result "1-0"]
[WhiteElo "2035"]
[BlackElo "2110"]
[PlyCount "125"]
[EventDate "2005.11.05"]
[EventType "team-tourn"]
[EventRounds "11"]
[EventCountry "ENG"]
[SourceTitle "CBM 109 Extra"]
[Source "ChessBase"]
[SourceDate "2006.01.03"]
[SourceVersion "2"]
[SourceVersionDate "2006.01.03"]
[SourceQuality "1"]
[WhiteTeam "The Suffolk Punches"]
[BlackTeam "Cheddleton"]
[WhiteTeamCountry "ENG"]
[BlackTeamCountry "ENG"]

1. d4 Nf6 2. c4 g6 3. Nc3 d5 4. Bf4 Bg7 5. e3 e6 6. Nf3 0-0 7. Be2 a6 8. 0-0 dxc4 9. Bxc4 b5 10. Bd3 Bb7 11. Rc1 Nbd7 12. b4 Nh5 13. Bg5 Bf6 14. Bxf6 Nhxf6 15. e4 Qe7 16. a3 Rfd8 17. Qe2 Nb6 18. h3 Rd7 19. Rfd1 Rad8 20. Qe3 Ne8 21. Ne2 f6 22. Nd2 Na4 23. Rc2 Nd6 24. Nb3 c6 25. Na5 Rc7 26. Rdc1 Qd7 27. d5 exd5 28. exd5 Rdc8 29. Qe6+ Qxe6 30. dxe6 c5 31. Nxb7 Nxb7 32. Nf4 Nb6 33. Be4 c4 34. Rd1 Re8 35. Bxb7 Rxb7 36. Rd6 Kf8 37. h4 g5 38. hxg5 fxg5 39. Nh3 Ke7 40. Rc6 h6 41. f4 g4 42. Nf2 Nd5 43. g3 h5 44. Ne4 Rb6 45. Rxb6 Nxb6 46. Nc5 Rd8 47. Kf2 Nd5 48. Nxa6 Ra8 49. Rd2 Nf6 50. Nc5 Rxa3 51. Re2 Nd5 52. Rd2 Nf6 53. Re2 c3 54. f5 Ra1 55. Rc2 Nd5 56. f6+ Kxf6 57. Ne4+ Kxe6 58. Nxc3 Nxb4 59. Re2+ Kf5 60. Nxb5 Rd1 61. Nc3 Nd3+ 62. Ke3 Ne5 63. Nxd1 1-0

[Event "BCF-chT4a 0405 (4NCL)"]
[Site "Telford"]
[Date "2005.01.16"]
[Round "4.2"]
[White "Parmar, Amisha"]
[Black "Buxton, David E"]
[Result "1/2-1/2"]
[WhiteElo "1890"]
[BlackElo "2130"]
[PlyCount "48"]
[EventDate "2004.11.06"]
[EventType "team-tourn"]
[EventRounds "11"]
[EventCountry "ENG"]
[SourceTitle "EXT 2006"]
[Source "ChessBase"]
[SourceDate "2005.11.24"]
[SourceVersion "1"]
[SourceVersionDate "2005.11.24"]
[SourceQuality "1"]
[WhiteTeam "Hilsmark Kingfisher III"]
[BlackTeam "Cheddleton"]
[WhiteTeamCountry "ENG"]
[BlackTeamCountry "ENG"]

1. e4 e6 2. d4 d5 3. Nc3 Nf6 4. Bg5 Bb4 5. e5 h6 6. Bd2 Bxc3 7. bxc3 Ne4 8. Qg4 g6 9. Bd3 Nxd2 10. Kxd2 c5 11. h4 Nc6 12. Rh3 Qe7 13. Nf3 Bd7 14. Rb1 c4 15. Be2 0-0-0 16. Rhh1 f6 17. Qf4 fxe5 18. Nxe5 Nxe5 19. Qxe5 Rhf8 20. Bf3 Rf5 21. Qe3 h5 22. g4 hxg4 23. Bxg4 Rf7 24. f3 Qf6 1/2-1/2